000 00693nam a2200181Ia 4500
008 100920s9999 xx 000 0 und d
082 _b67528
_a891.461 थ 92
100 _a---
245 _aगाणी ! मनातली ;गळ्यातली !! भाग 9 वा.
260 _bसाहित्य-प्रसार-केंद्र, मुंबई.
_c1992
300 _a128
_bसाधी
365 _b50
520 _aपदय.
630 _aगाणी ! मनातली ;गळ्यातली !! भाग 9 वा.
650 _aपदय.
730 _aगाणी ! मनातली ;गळ्यातली !! भाग 9 वा.
942 _cBOOK
999 _c709984
_d709981